[Event "Stuttgarter Stadtmeisterschaft B-Turnier"]
[Site "Ditzingen"]
[Date "2009.05.21"]
[Round "1.55"]
[White "Marx, Alexander"]
[Black "Langer, Helmut"]
[Result "1-0"]
[WhiteElo "1701"]
[BlackElo "1338"]
[PlyCount "75"]
[EventDate "2009.??.??"]

1. d4 Nf6 2. c4 e5 3. dxe5 Ne4 4. Nf3 b6 5. g3 Bb7 6. Bg2 Bb4+ 7. Bd2 Bxd2+ 8.
Nbxd2 Nc5 9. O-O O-O 10. b4 Ne6 11. Qc2 Nc6 12. a3 Ncd4 13. Qd3 Nxf3+ 14. Nxf3
Qe7 15. Rfd1 Rad8 16. Ra2 Bxf3 17. Qxf3 Rfe8 18. h4 c6 19. Qc3 Nf8 20. f4 f6
21. exf6 Qxf6 22. Qd3 Qf7 23. Rad2 Re7 24. Bxc6 Kh8 25. Bd5 Qh5 26. Bf3 Qe8 27.
e4 Ne6 28. e5 Qg6 29. Be4 Qg4 30. Bf5 Qh5 31. Bxe6 Rxe6 32. Kf2 Qf7 33. Qf3 g6
34. c5 bxc5 35. bxc5 Qe7 36. Qc3 Kg8 37. c6 Rxc6 38. Qxc6 1-0

[Event "Stuttgarter Stadtmeisterschaft B-Turnier"]
[Site "Ditzingen"]
[Date "2009.05.21"]
[Round "1.56"]
[White "Schulz, Zdravko"]
[Black "Knolmayer, Volker"]
[Result "1/2-1/2"]
[WhiteElo "1329"]
[BlackElo "1700"]
[PlyCount "216"]
[EventDate "2009.??.??"]

1. e4 e5 2. Nc3 Nf6 3. Bc4 Be7 4. Nf3 d6 5. d4 exd4 6. Qxd4 Nc6 7. Bb5 O-O 8.
Bxc6 bxc6 9. O-O Be6 10. Bg5 h6 11. Bh4 c5 12. Qd3 Nd7 13. Bxe7 Qxe7 14. Nd5
Qd8 15. c4 c6 16. Nc3 Nb6 17. b3 Qe7 18. a4 Rab8 19. Rfd1 Nc8 20. Rab1 Bg4 21.
Re1 Bxf3 22. Qxf3 Qe5 23. Ne2 Ne7 24. Qf4 Ng6 25. Qxe5 Nxe5 26. Red1 Rfd8 27.
f4 Ng6 28. g3 Ne7 29. Nc3 a5 30. h4 Rb7 31. Rd3 Nc8 32. e5 Kf8 33. Ne4 Ke7 34.
exd6+ Nxd6 35. Nxc5 Rbb8 36. Re1+ Kf6 37. Rxd6+ Rxd6 38. Ne4+ Kg6 39. Nxd6 Rxb3
40. h5+ Kxh5 41. Kh2 Kg4 42. Ne4 Rb2+ 43. Kg1 Kf3 44. Nc3 Kxg3 45. Ne2+ Kf3 46.
Nd4+ Kg3 47. Ne2+ Kg4 48. Kf2 g6 49. Rg1+ Kf5 50. Ke3 c5 51. Ng3+ Ke6 52. Rd1
Rb3+ 53. Rd3 Rb4 54. Rc3 f5 55. Kd3 Rxa4 56. Ne2 Rb4 57. Ra3 a4 58. Nc3 g5 59.
fxg5 hxg5 60. Nxa4 Kd6 61. Nc3 Rb8 62. Ra6+ Ke5 63. Ra5 Rd8+ 64. Nd5 Rc8 65.
Ke3 f4+ 66. Kf3 Kd4 67. Kg4 Rg8 68. Ne7 Re8 69. Nf5+ Kxc4 70. Nd6+ Kb4 71. Rb5+
Ka4 72. Rxc5 Re3 73. Kxg5 f3 74. Rf5 Kb4 75. Kg4 Kc3 76. Kg3 Kd3 77. Kf2 Kd4
78. Ra5 Rb3 79. Ra4+ Kd5 80. Nf5 Kc5 81. Ne3 Rb4 82. Ra3 Rf4 83. Ra1 Kd4 84.
Rd1+ Ke4 85. Re1 Kd3 86. Rd1+ Ke4 87. Re1 Kd3 88. Rd1+ Ke4 89. Nf1 Rg4 90. Ng3+
Kf4 91. Rd4+ Kg5 92. Ne4+ Kf5 93. Kxf3 Rf4+ 94. Ke3 Ke5 95. Ra4 Rf1 96. Ra5+
Ke6 97. Kd4 Rd1+ 98. Kc4 Rc1+ 99. Nc3 Kd6 100. Kd4 Rh1 101. Ra6+ Ke7 102. Nd5+
Kd7 103. Nf6+ Ke7 104. Ke5 Re1+ 105. Ne4 Kd7 106. Kd5 Rd1+ 107. Ke5 Re1 108.
Kf6 Rxe4 1/2-1/2

[Event "Stuttgarter Stadtmeisterschaft B-Turnier"]
[Site "Ditzingen"]
[Date "2009.05.21"]
[Round "1.57"]
[White "Ziegler, Michael"]
[Black "Sievers, Gerda"]
[Result "1-0"]
[WhiteElo "1700"]
[BlackElo "1232"]
[PlyCount "98"]
[EventDate "2009.??.??"]

1. e4 c5 2. Nf3 d6 3. d4 cxd4 4. Nxd4 Nf6 5. Nc3 g6 6. Be2 Bg7 7. O-O O-O 8.
Kh1 Bd7 9. Rb1 Nc6 10. Nb3 a6 11. a4 Rb8 12. f4 Qc7 13. g4 e6 14. Be3 Rbc8 15.
Qd2 Rfd8 16. Bf3 Be8 17. Qf2 Qb8 18. Bb6 Nd7 19. Bxd8 Rxd8 20. Ne2 a5 21. Nbd4
e5 22. Nxc6 bxc6 23. f5 c5 24. b3 g5 25. Ng3 h6 26. Nh5 Bh8 27. Qd2 Qc7 28. h4
f6 29. Rfd1 Nb8 30. hxg5 hxg5 31. Ng3 Rd7 32. Kg2 Bf7 33. Qc3 Qb6 34. Be2 d5
35. exd5 Bxd5+ 36. Bf3 e4 37. Bxe4 Bxe4+ 38. Nxe4 Qb4 39. Qxb4 cxb4 40. Rxd7
Nxd7 41. Rd1 Ne5 42. Kg3 Bg7 43. Rd6 Kf7 44. Ra6 Bf8 45. Rxf6+ Ke7 46. Re6+ Kf7
47. Rxe5 Bg7 48. Rxa5 Bf6 49. Nxf6 Kxf6 1-0

[Event "Stuttgarter Stadtmeisterschaft B-Turnier"]
[Site "Ditzingen"]
[Date "2009.05.21"]
[Round "1.58"]
[White "Schmidt, Tobias"]
[Black "Hahn, Lilli"]
[Result "0-1"]
[WhiteElo "1057"]
[BlackElo "1697"]
[PlyCount "121"]
[EventDate "2009.??.??"]

1. e4 d5 2. exd5 Nf6 3. d4 Qxd5 4. Nf3 Bg4 5. Be2 Nc6 6. O-O O-O-O 7. c4 Qh5 8.
h3 Nxd4 9. Nxd4 Bxe2 10. Qxe2 Rxd4 11. Qe3 Rd1 12. Nc3 Rxf1+ 13. Kxf1 Qa5 14.
Bd2 Qb6 15. Qxb6 axb6 16. Ke2 e5 17. Bg5 Nd7 18. Re1 f6 19. Bd2 Bc5 20. Ne4 Be7
21. f4 Rd8 22. fxe5 Nxe5 23. b3 Nc6 24. Rf1 Re8 25. Kf3 Nb4 26. a4 Nd3 27. Rb1
Nc5 28. Ng3 Rd8 29. Nf5 Rxd2 30. Nxe7+ Kd7 31. Nf5 Rd3+ 32. Ke2 g6 33. b4 gxf5
34. bxc5 Ra3 35. cxb6 Rxa4 36. bxc7 Kxc7 37. Rf1 Ra2+ 38. Kd3 Rxg2 39. Rxf5
Rg3+ 40. Kd4 Rxh3 41. Rxf6 Rh1 42. Rf7+ Kb8 43. Kc5 Ka7 44. Rf2 h5 45. Ra2+ Kb8
46. Rg2 h4 47. Rg8+ Ka7 48. Rh8 h3 49. Rh6 h2 50. Rh7 Ka6 51. Rh6+ Ka5 52. Rh8
b6+ 53. Kc6 Kb4 54. Kxb6 Kxc4 55. Rc8+ Kd5 56. Rd8+ Ke6 57. Re8+ Kf7 58. Rh8
Rb1+ 59. Kc5 h1=Q 60. Rxh1 Rxh1 61. Kd4 0-1

[Event "Stuttgarter Stadtmeisterschaft B-Turnier"]
[Site "Ditzingen"]
[Date "2009.05.21"]
[Round "2.1"]
[White "Schnorr, Elke"]
[Black "Klaus, Michael"]
[Result "1/2-1/2"]
[WhiteElo "1765"]
[BlackElo "1897"]
[PlyCount "104"]
[EventDate "2009.??.??"]

1. d4 d5 2. Nf3 g6 3. e3 Bg7 4. c4 Nf6 5. Be2 O-O 6. O-O e6 7. Nc3 Nbd7 8. b4
dxc4 9. Bxc4 Nb6 10. Qb3 Bd7 11. a4 a6 12. Ba3 Re8 13. b5 Bf8 14. Bxf8 Rxf8 15.
bxa6 bxa6 16. Ne5 Qe7 17. Rfb1 Rfc8 18. a5 Nxc4 19. Qxc4 c5 20. Nxd7 Nxd7 21.
Rb7 Qd6 22. Ne4 Qc6 23. Rxd7 Qxe4 24. Rd6 cxd4 25. Qxd4 Qc2 26. Qd2 Qc5 27. Qd4
Qc1+ 28. Qd1 Qb2 29. Rb1 Qc3 30. Ra1 Rc5 31. Rd8+ Rxd8 32. Qxd8+ Kg7 33. Qd4+
Qxd4 34. exd4 Rc4 35. g3 Rxd4 36. Kg2 Rd5 37. h4 f5 38. Kf3 Kf6 39. Ke3 e5 40.
f3 Ke6 41. Ra2 h5 42. Ra1 Rb5 43. Ra3 Rc5 44. Ra2 Kd5 45. Ra4 Rc3+ 46. Ke2 Kc5
47. Ra1 Kb5 48. Ra2 Kb4 49. Rd2 Kb5 50. Rd6 f4 51. gxf4 exf4 52. Rxg6 Kxa5
1/2-1/2

[Event "Stuttgarter Stadtmeisterschaft B-Turnier"]
[Site "Ditzingen"]
[Date "2009.05.21"]
[Round "2.2"]
[White "Felser, Martin"]
[Black "Schmitz, Harald"]
[Result "1-0"]
[WhiteElo "1894"]
[BlackElo "1757"]
[PlyCount "59"]
[EventDate "2009.??.??"]

1. c4 e5 2. Nc3 Nf6 3. d3 Nc6 4. Nf3 Bb4 5. Bd2 O-O 6. g3 d6 7. Bg2 Re8 8. O-O
Bf5 9. Nh4 Qd7 10. Nd5 Bxd2 11. Nxf6+ gxf6 12. Nxf5 Qxf5 13. Qxd2 Rab8 14. e3
Qg5 15. f4 Qh6 16. Rf2 f5 17. b4 e4 18. b5 Nd8 19. Rd1 f6 20. dxe4 fxe4 21.
Qd5+ Kf8 22. Rd4 Re6 23. Rxe4 c6 24. Qf5 Rxe4 25. Bxe4 cxb5 26. cxb5 Kg7 27.
Rc2 Qg6 28. Rc7+ Nf7 29. Qe6 Qh5 30. g4 1-0

[Event "Stuttgarter Stadtmeisterschaft B-Turnier"]
[Site "Ditzingen"]
[Date "2009.05.21"]
[Round "2.3"]
[White "Zehring, Mathias"]
[Black "Lutz, Herbert"]
[Result "0-1"]
[WhiteElo "1753"]
[BlackElo "1893"]
[PlyCount "116"]
[EventDate "2009.??.??"]

1. e4 c5 2. Nf3 d6 3. d4 cxd4 4. Nxd4 Nf6 5. Nc3 g6 6. Be2 Bg7 7. Be3 Nc6 8.
O-O O-O 9. Nb3 a5 10. f3 a4 11. Nd2 a3 12. bxa3 Ng4 13. fxg4 Bxc3 14. Rb1 Rxa3
15. Rb3 Rxb3 16. axb3 Bd4 17. Nc4 Bxe3+ 18. Nxe3 Qb6 19. Qd2 Be6 20. h3 Qc5 21.
Rd1 Qe5 22. Bf3 Rc8 23. Nd5 Qg3 24. Qf4 Qxf4 25. Nxf4 Nb4 26. c4 Ra8 27. Nxe6
fxe6 28. e5 d5 29. cxd5 exd5 30. Bxd5+ Nxd5 31. Rxd5 Kf7 32. Rb5 Ra7 33. Kf2
Ke6 34. Ke3 Ra2 35. Kf3 Rc2 36. Kf4 Rxg2 37. Rxb7 h6 38. Rb6+ Kf7 39. h4 Rf2+
40. Kg3 Re2 41. Rb5 Ke6 42. b4 Re1 43. Rb6+ Kf7 44. e6+ Kf6 45. b5 Rb1 46. Kf4
Rb4+ 47. Kf3 Ke5 48. Kg3 Rb3+ 49. Kg2 Kf4 50. g5 hxg5 51. hxg5 Kxg5 52. Rb7 Kf6
53. Rb6 Ke5 54. Kf2 g5 55. Kg2 g4 56. Kf2 Kf4 57. Rb7 Rb2+ 58. Kg1 Kf3 0-1

[Event "Stuttgarter Stadtmeisterschaft B-Turnier"]
[Site "Ditzingen"]
[Date "2009.05.21"]
[Round "2.4"]
[White "Zuferi, Enis"]
[Black "Kühnel, Lena"]
[Result "1-0"]
[WhiteElo "1888"]
[BlackElo "1728"]
[PlyCount "61"]
[EventDate "2009.??.??"]

1. d4 d5 2. c4 dxc4 3. Nf3 Nf6 4. e3 e6 5. Bxc4 c5 6. Nc3 Be7 7. O-O O-O 8. a3
a6 9. Re1 b5 10. Bd3 Bb7 11. h3 Nc6 12. dxc5 Bxc5 13. e4 Qb6 14. Rf1 Rfd8 15.
e5 Nd5 16. h4 Nd4 17. Bxh7+ Kxh7 18. Ng5+ Kg8 19. Qh5 Rd7 20. Nxd5 Bxd5 21. b4
Nf5 22. bxc5 Qxc5 23. Qh7+ Kf8 24. g4 Qd4 25. Qh5 Qxa1 26. gxf5 Qxe5 27. fxe6
Qd6 28. exd7 Qxd7 29. Re1 f6 30. Qh8+ Bg8 31. Ne6+ 1-0

[Event "Stuttgarter Stadtmeisterschaft B-Turnier"]
[Site "Ditzingen"]
[Date "2009.05.21"]
[Round "2.5"]
[White "Ackermann, Jens"]
[Black "Faerber, Eric"]
[Result "0-1"]
[WhiteElo "1731"]
[BlackElo "1881"]
[PlyCount "60"]
[EventDate "2009.??.??"]

1. d4 Nf6 2. Nf3 g6 3. c4 Bg7 4. Nc3 O-O 5. e3 d6 6. Be2 Nbd7 7. O-O e5 8. Re1
c6 9. Qc2 Re8 10. dxe5 dxe5 11. b3 Qc7 12. Bb2 a5 13. Rad1 Nc5 14. Ba3 Bf8 15.
Bb2 Bf5 16. Qc1 Rad8 17. Rxd8 Qxd8 18. Rd1 Qc7 19. Rd2 Nfe4 20. Nxe4 Nxe4 21.
Rd1 f6 22. Bd3 Nxf2 23. Kxf2 Bxd3 24. Rxd3 e4 25. Rd1 exf3 26. Bxf6 Qxh2 27.
Kxf3 Qh5+ 28. Kg3 Qf5 29. Bc3 Bc5 30. Bd2 Bd6+ 0-1

[Event "Stuttgarter Stadtmeisterschaft B-Turnier"]
[Site "Ditzingen"]
[Date "2009.05.21"]
[Round "2.6"]
[White "Lerner, Jürgen"]
[Black "Wolff, Sidney Robert"]
[Result "1-0"]
[WhiteElo "1874"]
[BlackElo "1716"]
[PlyCount "67"]
[EventDate "2009.??.??"]

1. d4 f5 2. c4 Nf6 3. Nc3 e6 4. g3 d5 5. Bg2 c6 6. Nf3 Be7 7. cxd5 exd5 8. Ne5
O-O 9. O-O Be6 10. a3 Qc7 11. Bf4 Nh5 12. Ng6 Nxf4 13. Nxf8 Kxf8 14. gxf4 Qxf4
15. e3 Qh6 16. f4 g5 17. fxg5 Bxg5 18. e4 Be3+ 19. Kh1 Bf4 20. h3 fxe4 21. Ne2
Bxh3 22. Rxf4+ Bf5+ 23. Kg1 Ke7 24. Rxf5 Qe3+ 25. Kf1 Ke6 26. Re5+ Kf7 27. Qc1
Qxc1+ 28. Rxc1 Nd7 29. Rf5+ Kg6 30. Bh3 Nf6 31. Nf4+ Kg7 32. Rc2 h5 33. Rg2+
Ng4 34. Rg3 1-0

[Event "Stuttgarter Stadtmeisterschaft B-Turnier"]
[Site "Ditzingen"]
[Date "2009.05.21"]
[Round "2.7"]
[White "Reichardt, Bernd"]
[Black "Rühl, Volker"]
[Result "1-0"]
[WhiteElo "1729"]
[BlackElo "1873"]
[PlyCount "99"]
[EventDate "2009.??.??"]

1. e4 d5 2. exd5 Nf6 3. Bb5+ Bd7 4. Bxd7+ Nbxd7 5. c4 g6 6. b3 Bg7 7. Bb2 O-O
8. Nf3 e6 9. dxe6 Re8 10. O-O Rxe6 11. d4 c6 12. Nbd2 Qc7 13. h3 h6 14. Qc2
Rae8 15. Rae1 Nf8 16. Rxe6 Rxe6 17. Re1 Qf4 18. Rxe6 Nxe6 19. g3 Qc7 20. Bc3
Qe7 21. b4 Nd7 22. a3 Nc7 23. Qd3 Nb6 24. Qe3 Qe6 25. Qxe6 Nxe6 26. Kf1 Kf8 27.
Ke2 Na4 28. Ba1 Nb6 29. Kd3 Nd7 30. Ne4 Ke7 31. Ne5 Bxe5 32. dxe5 Nd8 33. f4 h5
34. h4 Ke6 35. Bd4 a6 36. a4 Ke7 37. a5 Ke6 38. Bb6 Nxb6 39. axb6 Kf5 40. Ke3
Kg4 41. Kf2 Ne6 42. Nd6 Nd8 43. c5 Kh3 44. Kf3 Kh2 45. f5 Kh3 46. f6 Kh2 47.
Ne4 Ne6 48. Ng5 Nd8 49. e6 fxe6 50. f7 1-0

[Event "Stuttgarter Stadtmeisterschaft B-Turnier"]
[Site "Ditzingen"]
[Date "2009.05.21"]
[Round "2.8"]
[White "Hirneise, Lothar"]
[Black "Heiler, Karl"]
[Result "0-1"]
[WhiteElo "1714"]
[BlackElo "1860"]
[PlyCount "54"]
[EventDate "2009.??.??"]

1. d4 c5 2. d5 Nf6 3. c4 b5 4. b3 bxc4 5. bxc4 d6 6. Qa4+ Nbd7 7. Nc3 g6 8. Rb1
Bg7 9. Bf4 O-O 10. g3 Nb6 11. Qb3 Bf5 12. Rc1 Rb8 13. Qd1 Nxc4 14. e4 Nb2 15.
Qc2 Bd7 16. Rb1 Na4 17. Rxb8 Qxb8 18. Nxa4 Qb4+ 19. Nc3 Nxe4 20. Nge2 Nxc3 21.
Bd2 Qe4 22. Qxe4 Nxe4 23. Nc1 Rb8 24. f3 Nxd2 25. Kxd2 Rb2+ 26. Kd1 Ba4+ 27.
Ke1 Bc3# 0-1

[Event "Stuttgarter Stadtmeisterschaft B-Turnier"]
[Site "Ditzingen"]
[Date "2009.05.21"]
[Round "2.9"]
[White "Kvetny, Mark"]
[Black "Mainik, Philipp"]
[Result "1/2-1/2"]
[WhiteElo "1858"]
[BlackElo "1706"]
[PlyCount "50"]
[EventDate "2009.??.??"]

1. d4 Nf6 2. c4 g6 3. Nc3 Bg7 4. e4 O-O 5. Be2 d6 6. Nf3 Nc6 7. O-O e5 8. d5
Ne7 9. Ne1 c6 10. Nd3 Bd7 11. dxc6 bxc6 12. c5 Qc7 13. f4 d5 14. Nxe5 Nxe4 15.
Nxe4 Bxe5 16. fxe5 dxe4 17. Qd4 Nd5 18. Bc4 Rfe8 19. Bf4 Nxf4 20. Rxf4 Be6 21.
Raf1 Rad8 22. Qxe4 Rd7 23. Bxe6 Rxe6 24. Rf6 Rxe5 25. Qxc6 Rxc5 1/2-1/2

[Event "Stuttgarter Stadtmeisterschaft B-Turnier"]
[Site "Ditzingen"]
[Date "2009.05.21"]
[Round "2.10"]
[White "Yildiz, Serkan"]
[Black "Ellinger, Harald"]
[Result "1/2-1/2"]
[WhiteElo "1707"]
[BlackElo "1854"]
[PlyCount "47"]
[EventDate "2009.??.??"]

1. e4 c5 2. Nf3 d6 3. d4 cxd4 4. Qxd4 a6 5. Be3 Nc6 6. Qb6 Qxb6 7. Bxb6 Nf6 8.
Bd3 g6 9. O-O Bg7 10. c3 O-O 11. Nbd2 Nd7 12. Be3 Nde5 13. Nxe5 Nxe5 14. Bc2
Bd7 15. Bd4 Rac8 16. f4 Nc4 17. Bxg7 Kxg7 18. Nxc4 Rxc4 19. Bd3 Rc7 20. Rad1
Be6 21. a3 Bb3 22. Rd2 Rfc8 23. Re1 Rc5 24. Kf2 1/2-1/2

[Event "Stuttgarter Stadtmeisterschaft B-Turnier"]
[Site "Ditzingen"]
[Date "2009.05.21"]
[Round "2.11"]
[White "Huynh, Nhi Lang"]
[Black "Marx, Alexander"]
[Result "1-0"]
[WhiteElo "1841"]
[BlackElo "1701"]
[PlyCount "73"]
[EventDate "2009.??.??"]

1. d4 d5 2. c4 e6 3. Nc3 Nf6 4. Nf3 c6 5. cxd5 exd5 6. Bf4 Bb4 7. Qb3 Qa5 8. e3
Ne4 9. Rc1 Nxc3 10. bxc3 Be7 11. Bd3 Nd7 12. O-O Nf6 13. c4 O-O 14. Bg5 h6 15.
Bh4 Qd8 16. Ne5 Qd6 17. cxd5 Nxd5 18. Bg3 Qb4 19. Qc2 Qa5 20. Bc4 Be6 21. Qb3
b5 22. Nxc6 bxc4 23. Qb7 Qa3 24. e4 Kh7 25. exd5 Bxd5 26. Qxe7 Qxe7 27. Nxe7
Be4 28. d5 Rfe8 29. d6 Rad8 30. Rfe1 Bd3 31. Nc6 Rxe1+ 32. Rxe1 Rd7 33. Re7 Bf5
34. Rxd7 Bxd7 35. Ne5 c3 36. Nxd7 g5 37. Be5 1-0

[Event "Stuttgarter Stadtmeisterschaft B-Turnier"]
[Site "Ditzingen"]
[Date "2009.05.21"]
[Round "2.12"]
[White "Helfrich, Leo"]
[Black "Gibicar, Danijel"]
[Result "0-1"]
[WhiteElo "1701"]
[BlackElo "1829"]
[PlyCount "148"]
[EventDate "2009.??.??"]

1. d4 Nf6 2. Nf3 e6 3. Bf4 d5 4. e3 Bd6 5. Ne5 Bxe5 6. Bxe5 Nbd7 7. Bf4 b6 8.
Bd3 Bb7 9. O-O O-O 10. Nd2 Re8 11. Nf3 c5 12. c3 Qe7 13. Ne5 a6 14. Bg5 Qd6 15.
f4 cxd4 16. exd4 Ne4 17. Qg4 f5 18. Qh5 Nxg5 19. Nxd7 Nf7 20. Ne5 Nxe5 21. fxe5
Qe7 22. g4 g6 23. Qh6 Qg7 24. Qd2 Kh8 25. Rf2 Rg8 26. Rg2 Qf7 27. Rf1 Rg7 28.
Qh6 Rag8 29. Qg5 Qe7 30. Qh6 Qf7 31. Rg3 b5 32. Rh3 Bc8 33. Qf4 g5 34. Qd2 f4
35. Rh6 Rg6 36. Bxg6 Rxg6 37. Rh3 Kg7 38. Qc2 Bb7 39. a4 Qd7 40. Ra1 Bc6 41. b3
Qa7 42. Qb2 Qe7 43. Qa3 Qxa3 44. Rxa3 Kg8 45. Rf3 Rg7 46. Rf1 Rc7 47. axb5 Bxb5
48. Rc1 Bd3 49. c4 dxc4 50. bxc4 Rxc4 51. Rxc4 Bxc4 52. Rc3 Bd5 53. Rc7 Bb3 54.
Ra7 Bc4 55. Kf2 Bb5 56. Rc7 Kh8 57. Kf3 Ba4 58. Ke4 Bb3 59. Kd3 a5 60. Kc3 a4
61. Kb4 Kg8 62. Rc3 Bd1 63. Rc6 Bxg4 64. Kxa4 Kf7 65. Rc2 Bd1 66. Kb3 Bxc2+ 67.
Kxc2 Ke7 68. h3 Kd7 69. Kd3 Kc6 70. Ke4 h6 71. h4 gxh4 72. Kxf4 Kd5 73. Kg4
Kxd4 74. Kxh4 Kxe5 0-1

[Event "Stuttgarter Stadtmeisterschaft B-Turnier"]
[Site "Ditzingen"]
[Date "2009.05.21"]
[Round "2.13"]
[White "Ziegler, Michael"]
[Black "Pocrnic, Josip"]
[Result "0-1"]
[WhiteElo "1700"]
[BlackElo "1823"]
[PlyCount "104"]
[EventDate "2009.??.??"]

1. e4 e6 2. Nf3 d5 3. exd5 exd5 4. d4 Bd6 5. Bd3 Ne7 6. O-O h6 7. Nc3 c6 8. Re1
O-O 9. Bd2 Bg4 10. h3 Bh5 11. g4 Bg6 12. Be3 Qc7 13. Nh4 Re8 14. Nxg6 fxg6 15.
Qf3 Rf8 16. Qg2 Rf7 17. Re2 Nd7 18. Rae1 Nf8 19. Bd2 Nh7 20. Re6 Nf8 21. R6e2
g5 22. Nd1 Nfg6 23. Bxg6 Nxg6 24. Re8+ Rf8 25. Rxa8 Rxa8 26. f3 Rf8 27. Qe2 Nh4
28. Rf1 Qf7 29. Be1 Nxf3+ 30. Kh1 Nxd4 31. Rxf7 Nxe2 32. Rxf8+ Kxf8 33. Ne3 g6
34. c3 Kf7 35. Nd1 Ke6 36. Nf2 Bg3 37. Kg2 Bxf2 38. Bxf2 a6 39. Be3 Nf4+ 40.
Kg3 Nd3 41. b3 c5 42. h4 gxh4+ 43. Kxh4 h5 44. gxh5 gxh5 45. Kxh5 Kf5 46. Bd2
b5 47. Kh4 Ke4 48. Kg3 b4 49. cxb4 cxb4 50. Kg2 Kd4 51. Kg3 a5 52. Kg2 Ne5 0-1

[Event "Stuttgarter Stadtmeisterschaft B-Turnier"]
[Site "Ditzingen"]
[Date "2009.05.21"]
[Round "2.14"]
[White "Fuss, Thomas"]
[Black "Philippin, Otto"]
[Result "1-0"]
[WhiteElo "1819"]
[BlackElo "1697"]
[PlyCount "84"]
[EventDate "2009.??.??"]

1. d4 d5 2. c4 Nc6 3. Nf3 Bg4 4. e3 e6 5. Nc3 Bb4 6. Bd2 Nge7 7. cxd5 Bxf3 8.
Qxf3 Nxd5 9. Bb5 Nde7 10. O-O O-O 11. a3 Bxc3 12. Bxc3 Qd5 13. Qe2 f5 14. Bc4
Qd7 15. Rad1 Nd5 16. Rfe1 Rf6 17. f3 Raf8 18. Rf1 f4 19. exf4 Nxf4 20. Qe4 Rg6
21. Rf2 Nh3+ 22. Kf1 Nxf2 23. Kxf2 Qd6 24. g3 Kh8 25. d5 Re8 26. Rd2 Qc5+ 27.
Kg2 Na5 28. Ba2 b5 29. Bxa5 Qc1 30. Bc3 e5 31. d6 cxd6 32. Bf7 Rc8 33. Bxg6
hxg6 34. Rc2 Qg5 35. Qh4+ Qxh4 36. gxh4 d5 37. Re2 d4 38. Bb4 Re8 39. Bc5 Rc8
40. Rxe5 d3 41. Bb4 Rc2+ 42. Kg3 Rxb2 1-0

[Event "Stuttgarter Stadtmeisterschaft B-Turnier"]
[Site "Ditzingen"]
[Date "2009.05.21"]
[Round "2.15"]
[White "Hahn, Lilli"]
[Black "Riegel, Frank"]
[Result "0-1"]
[WhiteElo "1697"]
[BlackElo "1811"]
[PlyCount "48"]
[EventDate "2009.??.??"]

1. d4 d5 2. c4 e6 3. Nc3 Nf6 4. Bg5 Be7 5. e3 c6 6. Nf3 Nbd7 7. Be2 O-O 8. O-O
a6 9. Qc2 dxc4 10. Bxc4 b5 11. Bd3 h6 12. Bh4 Bb7 13. Qe2 c5 14. dxc5 Nxc5 15.
Rfd1 Qb6 16. Rac1 Rfd8 17. e4 b4 18. e5 Rxd3 19. Rxd3 Nxd3 20. Qxd3 bxc3 21.
exf6 cxb2 22. Rb1 gxf6 23. Qc3 Rc8 24. Qd2 Ba3 0-1

[Event "Stuttgarter Stadtmeisterschaft B-Turnier"]
[Site "Ditzingen"]
[Date "2009.05.21"]
[Round "2.16"]
[White "Hamm, Lukas"]
[Black "Naundorf, Jo-Jan"]
[Result "1-0"]
[WhiteElo "1655"]
[BlackElo "1796"]
[PlyCount "79"]
[EventDate "2009.??.??"]

1. e4 c5 2. Nf3 d6 3. d4 cxd4 4. Nxd4 Nf6 5. Nc3 g6 6. Be3 Bg7 7. f3 O-O 8. Qd2
Nc6 9. O-O-O Bd7 10. g4 a6 11. h4 Qa5 12. Nb3 Qc7 13. h5 Ne5 14. Be2 Bb5 15.
hxg6 fxg6 16. g5 Bxe2 17. gxf6 exf6 18. Qxe2 Rac8 19. Nd5 Qc4 20. Qxc4 Rxc4 21.
f4 Ng4 22. Nd2 Nxe3 23. Nxe3 Rc6 24. Nd5 Re8 25. Rhe1 h5 26. Nf3 Rc4 27. Nd2
Rd4 28. c3 Ra4 29. b4 Rxa2 30. Kb1 Rxd2 31. Rxd2 f5 32. Rde2 Rf8 33. exf5 gxf5
34. Rh1 Ra8 35. Rxh5 a5 36. Ra2 a4 37. Rxf5 Kh7 38. Rg2 b5 39. Rf7 Rg8 40. Nf6+
1-0

[Event "Stuttgarter Stadtmeisterschaft B-Turnier"]
[Site "Ditzingen"]
[Date "2009.05.21"]
[Round "2.18"]
[White "Hengster, Wolfgang"]
[Black "Schmidt, Markus"]
[Result "1-0"]
[WhiteElo "1628"]
[BlackElo "1794"]
[PlyCount "85"]
[EventDate "2009.??.??"]

1. d4 Nf6 2. c4 g6 3. Nf3 Bg7 4. Nc3 O-O 5. e4 d6 6. Be2 e5 7. d5 a5 8. O-O Na6
9. h3 Nd7 10. Bd2 f5 11. exf5 gxf5 12. Bg5 Nf6 13. Qc1 Rf7 14. Bh6 Qf8 15. Bxg7
Rxg7 16. Kh1 Nc5 17. Qh6 Qe7 18. Nh4 Bd7 19. Nb5 Rf8 20. Nxc7 Nfe4 21. Ne6 Nxe6
22. dxe6 Bxe6 23. Nf3 Rf6 24. Qe3 Rfg6 25. Rg1 Ng5 26. Nxg5 Rxg5 27. g3 Qf7 28.
f4 Rh5 29. Bxh5 Qxh5 30. Kh2 Rg6 31. fxe5 f4 32. gxf4 Bxc4 33. Rxg6+ hxg6 34.
exd6 Qb5 35. b3 Be6 36. Rc1 Qd5 37. Re1 Bd7 38. Qe5 Qf3 39. Qe3 Qd5 40. Qe7
Qd2+ 41. Kg3 Bc6 42. Qd8+ Kg7 43. Re7+ 1-0

[Event "Stuttgarter Stadtmeisterschaft B-Turnier"]
[Site "Ditzingen"]
[Date "2009.05.21"]
[Round "2.19"]
[White "Liebetruth, Jimmy"]
[Black "Aubel, Stefan"]
[Result "1-0"]
[WhiteElo "1788"]
[BlackElo "1591"]
[PlyCount "53"]
[EventDate "2009.??.??"]

1. d4 d5 2. c4 Nf6 3. Nf3 e6 4. Nc3 b6 5. e3 Bb7 6. Bd3 dxc4 7. Bxc4 Be7 8. O-O
O-O 9. a3 c5 10. dxc5 Bxc5 11. b4 Be7 12. Bb2 Qc7 13. Ba2 Ng4 14. Nb5 Qc6 15.
Nbd4 Qd6 16. Nxe6 Rc8 17. Qxd6 Bxd6 18. Nxg7 Rc2 19. Bd4 Nc6 20. Nf5 Nxd4 21.
N5xd4 Rcc8 22. h3 Nf6 23. Ng5 Bd5 24. Nf5 Bf8 25. Bxd5 Nxd5 26. Rfd1 Nc3 27.
Rd7 1-0

[Event "Stuttgarter Stadtmeisterschaft B-Turnier"]
[Site "Ditzingen"]
[Date "2009.05.21"]
[Round "2.20"]
[White "Baumann, Michaela"]
[Black "Baelz, Juergen"]
[Result "0-1"]
[WhiteElo "1413"]
[BlackElo "1776"]
[PlyCount "86"]
[EventDate "2009.??.??"]

1. d4 Nf6 2. Nf3 b6 3. c4 e6 4. Nc3 Bb4 5. Bd2 O-O 6. e3 Bb7 7. a3 Be7 8. Be2
d6 9. b4 c5 10. bxc5 dxc5 11. O-O Nc6 12. Bc1 Na5 13. Bb2 Rc8 14. Ne5 cxd4 15.
Qxd4 Qxd4 16. exd4 Ba6 17. c5 Bxe2 18. Nxe2 bxc5 19. dxc5 Bxc5 20. Bd4 Rfd8 21.
Bxc5 Rxc5 22. Rfd1 Rcd5 23. Nc3 Rxd1+ 24. Rxd1 Rxd1+ 25. Nxd1 Nd5 26. Nb2 Kf8
27. Nbc4 Nxc4 28. Nxc4 Ne7 29. a4 Nc6 30. Kf1 Ke7 31. f3 e5 32. Kf2 f5 33. Ke3
Ke6 34. f4 e4 35. Na3 Kd5 36. Nb5 Kc5 37. h3 Kb4 38. Nd6 g6 39. g4 Ne7 40. Nb5
a5 41. Kd4 Kxa4 42. Nc3+ Kb4 43. gxf5 gxf5 0-1

[Event "Stuttgarter Stadtmeisterschaft B-Turnier"]
[Site "Ditzingen"]
[Date "2009.05.21"]
[Round "2.21"]
[White "Schnorr, Christian"]
[Black "Wolf, Adam"]
[Result "1-0"]
[WhiteElo "1766"]
[BlackElo "1582"]
[PlyCount "119"]
[EventDate "2009.??.??"]

1. e4 d6 2. Bc4 Nf6 3. Nc3 g6 4. d3 Bg7 5. Bd2 O-O 6. f4 e6 7. Nf3 c5 8. a4 Nc6
9. O-O a6 10. Qe1 Nb4 11. Bb3 Rb8 12. Na2 Nxa2 13. Bxa2 b5 14. e5 dxe5 15. Qxe5
Qb6 16. a5 Qa7 17. c3 Ng4 18. Qe2 c4+ 19. Kh1 cxd3 20. Qe1 Qc7 21. h3 Nf6 22.
Qe5 Qxe5 23. Nxe5 Ne4 24. Rad1 Bxe5 25. fxe5 Ng3+ 26. Kg1 Nxf1 27. Kxf1 Bb7 28.
Be3 Be4 29. Bd4 Rfd8 30. Bb1 b4 31. Bb6 Rd7 32. cxb4 Rc8 33. Bc5 Rd5 34. Bd6
Bf5 35. g4 Be4 36. Ba2 Rd4 37. Bc5 Rd7 38. Bb1 Bd5 39. Bxd3 Bc4 40. Ke2 Bxd3+
41. Rxd3 Rxd3 42. Kxd3 Kg7 43. g5 Rd8+ 44. Bd4 h6 45. h4 hxg5 46. hxg5 f5 47.
gxf6+ Kf7 48. Kc4 Rc8+ 49. Bc5 g5 50. b5 axb5+ 51. Kxb5 g4 52. Bg1 Rc1 53. Bb6
g3 54. a6 Rh1 55. Kc6 Kg6 56. a7 Rh8 57. Kb7 Rh7+ 58. Bc7 Rxc7+ 59. Kxc7 g2 60.
a8=Q 1-0

[Event "Stuttgarter Stadtmeisterschaft B-Turnier"]
[Site "Ditzingen"]
[Date "2009.05.21"]
[Round "2.22"]
[White "Lörincz, Benjamin"]
[Black "Schiller, Anna-Katharina"]
[Result "1-0"]
[WhiteElo "1898"]
[BlackElo "1508"]
[PlyCount "35"]
[EventDate "2009.??.??"]

1. d4 d5 2. e3 Nf6 3. Bd3 e6 4. f4 c5 5. c3 Nc6 6. Nf3 Be7 7. O-O Bd7 8. Ne5
Qc7 9. Nd2 c4 10. Bc2 b5 11. a3 O-O 12. g4 a5 13. g5 Ne8 14. Qh5 g6 15. Qh6 f6
16. Nxg6 hxg6 17. Qxg6+ Ng7 18. Qh7+ 1-0